The british general election of 1964
Uloženo v:
| Hlavní autoři: | , |
|---|---|
| Médium: | Kniha |
| Jazyk: | angličtina |
| Vydáno: |
Londres
Macmillan
1965
|
| Témata: | |
| Tagy: |
Přidat tag
Žádné tagy, Buďte první, kdo vytvoří štítek k tomuto záznamu!
|
MARC
| LEADER | 00000nam a2200000 a 4500 | ||
|---|---|---|---|
| 001 | UCT7175 | ||
| 003 | CL-VaPUC | ||
| 008 | 970116e19650000UK |||||||||||||||||eng|d | ||
| 082 | 0 | 4 | |a 324.941 |b BUT |2 21 |
| 100 | 0 | |a Butler, D. E |e author |9 377973 | |
| 700 | |a King, Anthony Stephen |e author |9 377974 | ||
| 245 | 1 | 4 | |a The british general election of 1964 |
| 300 | |a 401 p | ||
| 942 | |c BK | ||
| 945 | |d 19970116 00:00:00 |a paguirre | ||
| 260 | |a Londres |b Macmillan |c 1965 | ||
| 650 | 0 | |a Elecciones |9 254997 | |
| 650 | 0 | |a Representación política |9 362081 | |
| 650 | 0 | |a Partidos políticos |9 254999 | |
| 650 | 7 | |a PARTICIPACION POLITICA |2 CL-VaPUC |9 377975 | |
| 650 | 0 | |a Democracia |9 255256 | |
| 650 | 0 | |a Votación |9 376129 | |
| 651 | 0 | |a Inglaterra |9 255158 | |
| 583 | |a last modification |c 19970116 00:00:00 |k Rodrigo Vera | ||
| 999 | |c 255834 |d 255832 | ||
| 952 | |0 0 |1 0 |4 0 |6 324_941000000000000_BUT_1965 |7 0 |8 A |9 278279 |a BIBDER |b BIBDER |d 2019-11-19 |i 1807129 |o 324.941 BUT 1965 |p 1807129 |r 2023-01-25 |w 2019-11-19 |y BK |k DER | ||